Odgadnij kraje po jego kształcie - Statystyki

Ogólne statystyki
  • Ten quiz został rozwiązany 116 razy
  • Średni wynik to 11 z 16
Statystyki odpowiedzi
Obrazkowy Odpowiedź % Poprawnych
Francja
99%
Szwecja
98%
Maroko
87%
Rumunia
87%
Albania
82%
Jamajka
82%
Indonezja
77%
Chile
73%
Singapur
73%
Armenia
69%
Uzbekistan
61%
Tanzania
54%
Palau
52%
Eswatini
49%
Burundi
43%
Wyspy salomona
31%
Nie znaleziono quizów pasujących do podanych kryteriów
Rozkład punktacji
Procent ludzi z każdym wynikiem
Percentyl według liczby udzielonych odpowiedzi
Twoja historia wyników
Nie rozwiązałeś tego quizu